000 01244nab a22002777a 4500
999 _c6384
_d6384
003 OSt
005 20260201155309.0
008 190506c xxu||||| |||| 00| 0 spa d
040 _cPJ
100 _97026
_aPalacio Rius, Sebastián Adolfo
245 1 0 _aMedida de acción directa /
_cSebastián Adolfo Palacio Rius.
260 _aBuenos Aires :
_bAbeledoPerrot,
_c2023.
300 _ap. 18-23
500 _aCita: TR LALEY AR/DOC/1707/2023
505 _aSumario: I. Introducción a la temática.— II. Estado de la cuestión.— III. Marco normativo.— IV. El sistema sindical argentino.— V. Medidas de acción directa.— VI. Breve reseña y connotaciones del fallo Orellano.
505 _t¿Te interesa el texto completo? Comunicate al correo: koha@justierradelfuego.gov.ar
650 0 _91316
_aDERECHO LABORAL
650 0 _94564
_aDERECHO DE HUELGA
650 0 _91367
_aASOCIACIONES SINDICALES
650 0 _94583
_aDERECHOS SINDICALES
650 0 _9615
_aDERECHOS Y GARANTIAS CONSTITUCIONALES
650 0 _91340
_aMEDIDAS DE FUERZA
650 0 _91461
_aLIBERTAD SINDICAL
773 0 _02751
_93202
_dBuenos Aires : AbeledoPerrot, 2013-
_tRevista de derecho laboral y seguridad social. Nº 17 - Septiembre 2023
942 _2udc
_cANA